[Event "EU-ch 25th"]
[Site "Eforie Nord"]
[Date "2025.03.19"]
[Round "5"]
[White "Neverov, Valeriy"]
[Black "Berend, Fred"]
[Result "1-0"]
[WhiteElo "2418"]
[BlackElo "2219"]
[PlyCount "65"]
[EventDate "2025.03.15"]
[EventType "swiss"]
[EventRounds "11"]
[EventCountry "ROU"]
[SourceTitle "CB13_2025"]
[SourceDate "2025.03.26"]
[SourceVersion "1"]
[SourceVersionDate "2025.03.26"]
[SourceQuality "1"]

1. d4 Nf6 2. c4 e6 3. Nc3 Bb4 4. a3 Bxc3+ 5. bxc3 Nc6 6. f3 b6 7. e4 Ba6 8. Bd3 Na5 9. Qe2 d6 10. Nh3 e5 11. 0-0 Qe7 12. Rb1 Nd7 13. f4 f6 14. c5 Bxd3 15. Qxd3 dxc5 16. fxe5 cxd4 17. exf6 gxf6 18. cxd4 0-0 19. Bd2 Rf7 20. Bxa5 bxa5 21. Nf2 Nb6 22. Ng4 Kg7 23. Qe3 Rd8 24. Nh6 Nc4 25. Nf5+ Kh8 26. Qd3 Qe6 27. d5 Qa6 28. Qd4 a4 29. Nh6 Rff8 30. Ng4 Kg7 31. Rbc1 Ne5 32. Nxe5 c5 33. Qc4 1-0

[Event "Nancy Rapid op 23rd"]
[Site "Nancy"]
[Date "2025.03.02"]
[Round "6"]
[White "Bruned, Yvalin"]
[Black "Berend, Fred"]
[Result "1/2-1/2"]
[WhiteElo "2286"]
[BlackElo "2219"]
[PlyCount "118"]
[EventDate "2025.03.02"]
[EventType "swiss (rapid)"]
[EventRounds "9"]
[EventCountry "FRA"]
[SourceTitle "CB10_2025"]
[SourceDate "2025.03.05"]
[SourceVersion "1"]
[SourceVersionDate "2025.03.05"]
[SourceQuality "1"]

1. b3 e5 2. Bb2 Nc6 3. e3 d5 4. Bb5 Bd6 5. f4 f6 6. Nh3 Nge7 7. fxe5 fxe5 8. 0-0 Bxh3 9. Qh5+ g6 10. Qxh3 Qd7 11. Qxd7+ Kxd7 12. Nc3 Raf8 13. Rxf8 Rxf8 14. Rf1 Rxf1+ 15. Kxf1 a6 16. Bxc6+ Kxc6 17. e4 d4 18. Ne2 Kd7 19. a4 c5 20. d3 Nc6 21. Ke1 Be7 22. Bc1 b6 23. Bd2 Nd8 24. Ng1 Nf7 25. Nf3 Ke6 26. h3 h6 27. g4 Bg5 28. Nxg5+ hxg5 29. Ke2 Kf6 30. Ke1 Nd6 31. Ke2 Nb7 32. Ke1 Nd6 33. Ke2 Nb7 34. Ke1 Nd8 35. Ke2 Ne6 36. Kd1 Ke7 37. Ke2 Kd6 38. Kd1 Kc6 39. Ke2 b5 40. axb5+ axb5 41. Bc1 Kd6 42. Bd2 Ke7 43. Bc1 Kf6 44. Bd2 Ke7 45. Bc1 Kd7 46. Bd2 Kc6 47. Bc1 Kb6 48. Bd2 Ka6 49. Kf3 Kb7 50. Ke2 Kb6 51. Bc1 Kc6 52. Bd2 Kb6 53. Bc1 c4 54. bxc4 bxc4 55. dxc4 Kc5 56. Kd3 Kb4 57. Bd2+ Ka3 58. c3 Nc5+ 59. Kc2 Ne6 1/2-1/2

[Event "Wch Seniors 50 32nd"]
[Site "Porto Santo"]
[Date "2024.11.19"]
[Round "3"]
[White "Berend, Fred"]
[Black "Shabalov, Alexander"]
[Result "0-1"]
[WhiteElo "2246"]
[BlackElo "2447"]
[PlyCount "88"]
[EventDate "2024.11.17"]
[EventType "swiss"]
[EventRounds "11"]
[EventCountry "POR"]
[SourceTitle "CB49_2024"]
[SourceDate "2024.12.04"]
[SourceVersion "1"]
[SourceVersionDate "2024.12.04"]
[SourceQuality "1"]

1. e4 e5 2. Nf3 Nc6 3. d4 exd4 4. Bc4 Nf6 5. 0-0 d6 6. Nxd4 Be7 7. Nc3 0-0 8. Nxc6 bxc6 9. Re1 Nd7 10. Bf1 Bf6 11. Be3 Re8 12. f3 Rb8 13. Bxa7 Rxb2 14. Bd4 Bxd4+ 15. Qxd4 Rxc2 16. Re2 Rb2 17. Ree1 Rc2 18. Re2 Rxe2 19. Qd1 Rb2 20. Qd4 Re2 21. Bxe2 Qg5 22. Qd1 Qd8 23. Qd4 Qg5 24. a4 Nc5 25. Qd1 Nd7 26. Qd4 Nc5 27. Ra2 Be6 28. Bc4 Bxc4 29. Qxc4 Qe3+ 30. Kf1 Nd3 31. g3 Qxf3+ 32. Kg1 Qe3+ 33. Kf1 Qf3+ 34. Kg1 Qe3+ 35. Kg2 Ne5 36. Kf1 Nd3 37. Kg2 Ne5 38. Qb3 Nd3 39. Qc4 Ne5 40. Qb3 d5 41. exd5 Qf3+ 42. Kh3 g5 43. Re2 g4+ 44. Kh4 Qf6+ 0-1

[Event "Olympiad-45"]
[Site "Budapest"]
[Date "2024.09.22"]
[Round "11.2"]
[White "Berend, Fred"]
[Black "Rodriguez Santiago, Jaime"]
[Result "1-0"]
[WhiteElo "2230"]
[BlackElo "2002"]
[PlyCount "127"]
[EventDate "2024.09.11"]
[EventType "team-swiss"]
[EventRounds "11"]
[EventCountry "HUN"]
[SourceTitle "EXT 2025"]
[Source "ChessBase"]
[SourceDate "2024.10.14"]
[SourceVersion "1"]
[SourceVersionDate "2024.10.14"]
[SourceQuality "1"]
[WhiteTeam "Luxembourg"]
[BlackTeam "Puerto Rico"]
[WhiteTeamCountry "LUX"]
[BlackTeamCountry "PUR"]

1. Nf3 Nf6 2. c4 e6 3. g3 d5 4. Bg2 dxc4 5. Qa4+ Nbd7 6. Qxc4 a6 7. 0-0 c5 8. Qc2 Be7 9. a4 0-0 10. d3 Nd5 11. a5 Qc7 12. Bd2 b5 13. axb6 N5xb6 14. Ba5 Bb7 15. Nbd2 Qb8 16. Rfc1 Rc8 17. Nc4 Nxc4 18. Qxc4 Bd5 19. Qa4 Ra7 20. Bc3 c4 21. Bd4 Bc5 22. e4 Bxd4 23. Nxd4 Qxb2 24. exd5 Qxd4 25. Rxc4 Rxc4 26. dxc4 exd5 27. Bxd5 g6 28. Rd1 Qf6 29. Re1 Qd6 30. Qd1 Qf6 31. Qb1 Qd6 32. Rd1 Qc5 33. Qb2 Rc7 34. Re1 Qf8 35. Re3 Nc5 36. Qe5 Qd8 37. h4 Nd7 38. Qd4 Qf6 39. Qe4 Nf8 40. Rf3 Qd8 41. h5 Re7 42. Qf4 Qe8 43. h6 Re1+ 44. Kg2 Ne6 45. Qd2 Nd8 46. Qc3 Qe5 47. Qa5 Qe7 48. Qxa6 Qe2 49. Rf4 Qf1+ 50. Kh2 Qg1+ 51. Kh3 Qf1+ 52. Bg2 Qe2 53. Qf6 Qe6+ 54. Kh2 Qxf6 55. Rxf6 Kf8 56. Bd5 Ke7 57. Ra6 Re5 58. g4 Ne6 59. Bxe6 Rxe6 60. Rxe6+ Kxe6 61. Kg3 Ke5 62. g5 Kd4 63. Kf4 Kxc4 64. Ke5 1-0

[Event "Olympiad-45"]
[Site "Budapest"]
[Date "2024.09.21"]
[Round "10.2"]
[White "Heron, Andrew"]
[Black "Berend, Fred"]
[Result "0-1"]
[WhiteElo "2026"]
[BlackElo "2230"]
[PlyCount "50"]
[EventDate "2024.09.11"]
[EventType "team-swiss"]
[EventRounds "11"]
[EventCountry "HUN"]
[SourceTitle "EXT 2025"]
[Source "ChessBase"]
[SourceDate "2024.10.14"]
[SourceVersion "1"]
[SourceVersionDate "2024.10.14"]
[SourceQuality "1"]
[WhiteTeam "Liechtenstein"]
[BlackTeam "Luxembourg"]
[WhiteTeamCountry "LIE"]
[BlackTeamCountry "LUX"]

1. e4 c5 2. Nf3 g6 3. c4 Bg7 4. d4 d6 5. Nc3 Bg4 6. dxc5 Bxf3 7. Qxf3 dxc5 8. Be2 Nc6 9. Bf4 Nd4 10. Qd3 e6 11. e5 Ne7 12. Bf3 Qc7 13. 0-0 Bxe5 14. Bxe5 Qxe5 15. Bxb7 Rb8 16. Rfe1 Qc7 17. Ba6 Rxb2 18. Bb5+ Nxb5 19. Nxb5 Qf4 20. Nd6+ Kf8 21. Ne4 Nc6 22. g3 Qe5 23. Ng5 Qf5 24. Qd6+ Kg7 25. f4 Qc2 0-1

[Event "EU-ch Small Nations 5th"]
[Site "Andorra la Vella"]
[Date "2024.06.27"]
[Round "7"]
[White "Berend, Fred"]
[Black "Carpenter, Paul A"]
[Result "1-0"]
[WhiteElo "2235"]
[BlackElo "1969"]
[PlyCount "57"]
[EventDate "2024.06.23"]
[EventType "tourn"]
[EventRounds "9"]
[EventCountry "AND"]
[SourceTitle "CBM 220 Extra"]
[Source "ChessBase"]
[SourceDate "2024.07.31"]
[SourceVersion "1"]
[SourceVersionDate "2024.07.31"]
[SourceQuality "1"]

1. e4 b6 2. d4 Bb7 3. Bd3 e6 4. f4 Nf6 5. Qe2 d5 6. e5 Ne4 7. Nf3 c5 8. c3 cxd4 9. cxd4 Qc8 10. Nbd2 Bb4 11. 0-0 Nxd2 12. Bxd2 Bxd2 13. Qxd2 Nc6 14. Rac1 Qd7 15. Rc3 Rc8 16. Rfc1 Ne7 17. Rxc8+ Bxc8 18. Qc2 Bb7 19. a4 Bc6 20. b3 g6 21. Qf2 h5 22. Qh4 Kd8 23. Ng5 Rf8 24. Nh7 Rh8 25. Ng5 Rf8 26. h3 Kc8 27. Qe1 Kb8 28. Qb4 Kb7 29. Rxc6 1-0

[Event "EU-ch Small Nations 5th"]
[Site "Andorra la Vella"]
[Date "2024.06.25"]
[Round "4"]
[White "Frick, Renato"]
[Black "Berend, Fred"]
[Result "0-1"]
[WhiteElo "1907"]
[BlackElo "2235"]
[PlyCount "110"]
[EventDate "2024.06.23"]
[EventType "tourn"]
[EventRounds "9"]
[EventCountry "AND"]
[SourceTitle "CBM 220 Extra"]
[Source "ChessBase"]
[SourceDate "2024.07.31"]
[SourceVersion "1"]
[SourceVersionDate "2024.07.31"]
[SourceQuality "1"]

1. e4 c5 2. Nc3 Nc6 3. f4 g6 4. Nf3 Bg7 5. d3 d6 6. Be3 Nd4 7. Be2 e6 8. 0-0 Ne7 9. Qd2 0-0 10. Nd1 Nxe2+ 11. Qxe2 b6 12. c3 Bb7 13. Nf2 Qd7 14. Rfd1 Rad8 15. d4 Qc8 16. e5 Nf5 17. dxc5 dxc5 18. Rxd8 Rxd8 19. Rd1 Rxd1+ 20. Nxd1 Qa8 21. Kf2 h6 22. g3 Qd8 23. Qd2 Qe8 24. Qe2 Qc6 25. Bc1 Qd5 26. b3 f6 27. g4 Ne7 28. exf6 Bxf6 29. g5 Bg7 30. Ne3 Qxf3+ 31. Qxf3 Bxf3 32. Kxf3 hxg5 33. Nd1 gxf4 34. Bxf4 Kf7 35. Ke4 Nc6 36. Bd6 Ke8 37. b4 cxb4 38. cxb4 Kd7 39. b5 Kxd6 40. bxc6 Kxc6 41. Nf2 Kd6 42. Nd3 b5 43. Nf4 g5 44. Nd3 a5 45. h3 Bf6 46. Nf2 Bd8 47. Nd3 Be7 48. Nf2 Bf6 49. Nd3 b4 50. Nf2 Kc5 51. Kd3 Kd5 52. Ne4 Be7 53. Nd2 a4 54. Nc4 Bf6 55. Ne3+ Kc5 0-1

[Event "EU-ch Small Nations 5th"]
[Site "Andorra la Vella"]
[Date "2024.06.24"]
[Round "3"]
[White "Berend, Fred"]
[Black "Pace, Colin"]
[Result "1-0"]
[WhiteElo "2235"]
[BlackElo "2184"]
[PlyCount "85"]
[EventDate "2024.06.23"]
[EventType "tourn"]
[EventRounds "9"]
[EventCountry "AND"]
[SourceTitle "CBM 220 Extra"]
[Source "ChessBase"]
[SourceDate "2024.07.31"]
[SourceVersion "1"]
[SourceVersionDate "2024.07.31"]
[SourceQuality "1"]

1. d4 Nf6 2. c4 g6 3. Nc3 Bg7 4. Nf3 0-0 5. Bg5 h6 6. Bh4 c5 7. d5 d6 8. e3 e6 9. Be2 exd5 10. cxd5 Qb6 11. Qc1 Bf5 12. Nd2 Re8 13. Nc4 Qd8 14. f3 a6 15. a4 g5 16. Bg3 Bf8 17. 0-0 Nh5 18. Bf2 Bg6 19. g4 Ng7 20. e4 Nd7 21. Bg3 Nb6 22. Ne3 Nd7 23. Nc4 Nb6 24. a5 Nxc4 25. Bxc4 b5 26. axb6 Qxb6 27. Ra2 Reb8 28. Qe3 Ne8 29. Qe2 Bg7 30. Rfa1 a5 31. Be1 Bd4+ 32. Kg2 h5 33. h3 Nc7 34. Nd1 a4 35. Bc3 Bxc3 36. bxc3 f6 37. Qd2 hxg4 38. hxg4 Be8 39. e5 fxe5 40. Qxg5+ Kf8 41. Ne3 Bf7 42. Rh1 Bg8 43. Nf5 1-0

[Event "Nancy Rapid op 22nd"]
[Site "Meurthe et Moselle"]
[Date "2024.02.18"]
[Round "9"]
[White "Zienkiewicz, Jan"]
[Black "Berend, Fred"]
[Result "1-0"]
[WhiteElo "2117"]
[BlackElo "2244"]
[PlyCount "213"]
[EventDate "2024.02.18"]
[EventType "swiss (rapid)"]
[EventRounds "9"]
[EventCountry "FRA"]
[SourceTitle "CBM 218 Extra"]
[Source "ChessBase"]
[SourceDate "2024.03.31"]
[SourceVersion "1"]
[SourceVersionDate "2024.03.31"]
[SourceQuality "1"]

1. e4 e6 2. d4 d5 3. Nc3 Bb4 4. e5 c5 5. a3 Bxc3+ 6. bxc3 Qc7 7. Qg4 Ne7 8. Bd3 c4 9. Be2 Qa5 10. Bd2 Nf5 11. Qf4 Nc6 12. g4 Nfe7 13. h4 Qa4 14. Bd1 Bd7 15. Nh3 h6 16. Qf3 Rg8 17. Be3 0-0-0 18. Kd2 Qa5 19. Be2 Rgf8 20. Rhb1 f6 21. exf6 Rxf6 22. Qg3 Rf7 23. f4 h5 24. Ng5 Rff8 25. a4 Qc7 26. Re1 b6 27. Bf3 Rde8 28. Re2 Kb7 29. Rae1 Nd8 30. Nh3 Bxa4 31. Bg1 hxg4 32. Qxg4 Nf5 33. Re5 Bd7 34. Ng5 Kb8 35. Bh2 a5 36. h5 Ka7 37. Qh3 Qc8 38. Bg4 Nd6 39. Rxd5 Qc6 40. Rde5 Bc8 41. R1e2 N6f7 42. Nxf7 Rxf7 43. d5 Rd7 44. Bf3 Rxd5+ 45. Bxd5 exd5 46. Qg2 Rxe5 47. Rxe5 Bb7 48. Qxg7 Qc5 49. Bg1 Qd6 50. Bd4 Nc6 51. Qg6 Qd8 52. Rf5 Nxd4 53. cxd4 Qe7 54. Rf7 Qb4+ 55. Ke2 Ka6 56. Qh7 Bc6 57. Rc7 Be8 58. Qf5 Qc3 59. Qc8+ Kb5 60. Qxe8+ Kb4 61. Qe7+ Ka4 62. Qe3 Qxc2+ 63. Kf3 Qd1+ 64. Kg3 Qxh5 65. Rg7 Qh1 66. Rg5 b5 67. f5 Qh6 68. Kg4 b4 69. Qe8+ Kb3 70. Qe6 Qh1 71. Qe3+ c3 72. f6 Qg2+ 73. Kf5 Qf1+ 74. Kg6 Kb2 75. Rf5 Qg2+ 76. Kf7 c2 77. Rf2 Qg4 78. Ke7 Kb1 79. Qd3 Qe4+ 80. Qxe4 dxe4 81. Rf1+ Kb2 82. f7 e3 83. f8Q e2 84. Re1 c1Q 85. Rxe2+ Ka3 86. Qf3+ b3 87. d5 Qc7+ 88. Ke6 Qc8+ 89. Ke5 Qe8+ 90. Kd4 Qa4+ 91. Ke5 Qe8+ 92. Kf4 Qf8+ 93. Kg3 Qd6+ 94. Kf2 a4 95. Qd3 Qf4+ 96. Kg2 Qg4+ 97. Kf2 Qf4+ 98. Ke1 Qc1+ 99. Qd1 Qc3+ 100. Kf2 Qf6+ 101. Kg1 Qb6+ 102. Kh1 b2 103. Qb1 Qd4 104. Kh2 Kb3 105. Qc2+ Ka2 106. Re4 Qb6 107. Rxa4# 1-0

[Event "EU Small Countries blitz op 8th"]
[Site "St Helier"]
[Date "2023.11.02"]
[Round "9"]
[White "Rodgaard, John"]
[Black "Berend, Fred"]
[Result "0-1"]
[WhiteElo "2320"]
[BlackElo "2193"]
[PlyCount "79"]
[EventDate "2023.11.02"]
[EventType "swiss (blitz)"]
[EventRounds "11"]
[EventCountry "GCI"]
[SourceTitle "CBM 217 Extra"]
[Source "ChessBase"]
[SourceDate "2024.01.31"]
[SourceVersion "1"]
[SourceVersionDate "2024.01.31"]
[SourceQuality "1"]

1. Nf3 d5 2. d4 Nf6 3. c4 e6 4. Nc3 c5 5. cxd5 Nxd5 6. e4 Nxc3 7. bxc3 cxd4 8. cxd4 Bb4+ 9. Bd2 Bxd2+ 10. Qxd2 0-0 11. Bc4 Nd7 12. 0-0 b6 13. Rad1 Bb7 14. Rfe1 Rc8 15. Bb3 Re8 16. h3 h6 17. Re3 Nf6 18. Qe2 Re7 19. Ne5 Rec7 20. Ng4 Rc1 21. Nxf6+ Qxf6 22. d5 exd5 23. exd5 Rxd1+ 24. Qxd1 Rd8 25. Rd3 Rd6 26. Qc1 Qd8 27. Qc4 g6 28. Qe4 Kg7 29. Rd1 Qf6 30. g3 h5 31. h4 Bc8 32. Qa4 a5 33. Rc1 Bd7 34. Qe4 b5 35. a3 Qb2 36. Qc2 Qxa3 37. Qc7 Bf5 38. Re1 Rd7 39. Qc3+ f6 40. Qe3 0-1

[Event "EU-ch Seniors 50 22nd"]
[Site "Acqui Terme"]
[Date "2023.05.27"]
[Round "2"]
[White "Llopis de Aysa, Manuel"]
[Black "Berend, Fred"]
[Result "0-1"]
[WhiteElo "2018"]
[BlackElo "2257"]
[PlyCount "92"]
[EventDate "2023.05.26"]
[EventType "swiss"]
[EventRounds "9"]
[EventCountry "ITA"]
[SourceTitle "CBM 214 Extra"]
[Source "ChessBase"]
[SourceDate "2023.07.31"]
[SourceVersion "1"]
[SourceVersionDate "2023.07.31"]
[SourceQuality "1"]

1. d4 Nf6 2. Nf3 d5 3. c4 e6 4. Nc3 c5 5. cxd5 Nxd5 6. e3 Nc6 7. Bd3 Be7 8. 0-0 0-0 9. Re1 b6 10. Be4 Nxc3 11. bxc3 Bb7 12. Ba3 Rb8 13. dxc5 Na5 14. Bxb7 Nxb7 15. Qxd8 Rbxd8 16. Nd4 Bxc5 17. Bxc5 Nxc5 18. a4 Rc8 19. a5 e5 20. Nb5 Nb3 21. Ra3 Nxa5 22. Nxa7 Rc5 23. Rb1 Rd8 24. Raa1 Nc4 25. h3 f6 26. Nb5 Nd2 27. Rb2 h5 28. h4 Kh7 29. Raa2 Nc4 30. Rb1 Rd7 31. g3 Nd2 32. Rbb2 Ne4 33. Rb1 Rxb5 34. Rxb5 Nxc3 35. Rab2 Nxb5 36. Rxb5 Rd6 37. Kf1 Kg6 38. Ke2 Kf7 39. e4 Ke6 40. Ke3 Kd7 41. f4 Kc6 42. Rb1 b5 43. Rc1+ Kb6 44. Rb1 Rd7 45. fxe5 fxe5 46. Rf1 b4 0-1

[Event "Oberliga Sued W 2223"]
[Site "Germany"]
[Date "2023.04.30"]
[Round "9.1"]
[White "Bastian, Herbert"]
[Black "Berend, Fred"]
[Result "1-0"]
[WhiteElo "2246"]
[BlackElo "2263"]
[PlyCount "137"]
[EventDate "2022.10.23"]
[EventType "team-tourn"]
[EventRounds "9"]
[EventCountry "GER"]
[SourceTitle "EXT 2025"]
[Source "ChessBase"]
[SourceDate "2024.10.14"]
[SourceVersion "1"]
[SourceVersionDate "2024.10.14"]
[SourceQuality "1"]
[WhiteTeam "Saarbruecken SVG"]
[BlackTeam "Speyer Schwegenheim II"]
[WhiteTeamCountry "GER"]
[BlackTeamCountry "GER"]

1. e4 e6 2. d4 d5 3. e5 c5 4. c3 Qb6 5. Nf3 Nc6 6. a3 c4 7. Nbd2 Na5 8. g3 Bd7 9. Bg2 Ne7 10. 0-0 h6 11. h4 0-0-0 12. Rb1 Qc7 13. Re1 Kb8 14. b3 cxb3 15. Nxb3 Ba4 16. Nfd2 Nec6 17. Qf3 Bxb3 18. Nxb3 Nxb3 19. Rxb3 Na5 20. Rb1 Rc8 21. Rd1 Qd7 22. Bf1 Nc4 23. a4 Rc7 24. Ra1 a6 25. Bd3 Qe8 26. Ra2 Be7 27. Re1 Ka8 28. Qd1 Na5 29. Bd2 g5 30. h5 Rf8 31. Qg4 Nb3 32. Be3 Rxc3 33. Qe2 Qc6 34. Kg2 Rc8 35. Rb1 Bd8 36. Rab2 Na5 37. Bd2 Rc4 38. Bxa5 Bxa5 39. Bxc4 dxc4+ 40. Qf3 Qd5 41. Qxd5 exd5 42. Rxb7 c3 43. Rxf7 c2 44. Rc1 Bd2 45. Rxc2 Rxc2 46. Kh3 Bb4 47. f4 gxf4 48. gxf4 Rd2 49. e6 Rxd4 50. Kg4 Re4 51. Kf5 Bd6 52. Rd7 Rxf4+ 53. Kg6 Ba3 54. e7 Bxe7 55. Rxe7 Re4 56. Rd7 Re6+ 57. Kg7 Kb8 58. Rxd5 Kb7 59. Rf5 Rb6 60. Rf7+ Kc8 61. Rf6 Rb4 62. Rxa6 Kb7 63. Ra5 Rd4 64. Kxh6 Kb6 65. Rf5 Rxa4 66. Kg6 Rg4+ 67. Rg5 Rh4 68. h6 Ka6 69. h7 1-0

[Event "Kragero op"]
[Site "Kragero"]
[Date "2023.02.23"]
[Round "3"]
[White "Berend, Fred"]
[Black "Kazakouski, Valery"]
[Result "0-1"]
[WhiteElo "2272"]
[BlackElo "2531"]
[PlyCount "106"]
[EventDate "2023.02.22"]
[EventType "swiss"]
[EventRounds "9"]
[EventCountry "NOR"]
[SourceTitle "CBM 212 Extra"]
[Source "ChessBase"]
[SourceDate "2023.03.31"]
[SourceVersion "1"]
[SourceVersionDate "2023.03.31"]
[SourceQuality "1"]

1. e4 c5 2. Nf3 d6 3. d4 cxd4 4. Nxd4 Nf6 5. Nc3 Nc6 6. g3 Bg4 7. f3 Bd7 8. Be3 e6 9. g4 Be7 10. g5 Nh5 11. Ndb5 Qb8 12. f4 g6 13. Be2 a6 14. Bxh5 axb5 15. Be2 b4 16. Nb5 Ra6 17. Qd2 e5 18. 0-0 exf4 19. Bxf4 Ne5 20. Qxb4 Qd8 21. Rad1 Qb6+ 22. Kh1 Bh3 23. Qc3 Bxf1 24. Nc7+ Qxc7 25. Qxc7 Bxe2 26. Bxe5 0-0 27. Re1 Bd8 28. Qc3 Ba5 29. b4 Rc6 30. Rxe2 Rxc3 31. Bxc3 Rc8 32. Be1 Bd8 33. h4 f6 34. Bg3 fxg5 35. Bxd6 Kf7 36. hxg5 Bxg5 37. a4 Ke6 38. Bc5 Bf4 39. Kg2 g5 40. Kf3 h5 41. Rg2 b6 42. Bd4 Ra8 43. Be3 Bxe3 44. Kxe3 g4 45. Rh2 Rh8 46. Kf4 Rf8+ 47. Kg5 Rg8+ 48. Kf4 g3 49. Rh1 g2 50. Rg1 h4 51. Kf3 h3 52. Kf2 h2 53. Rxg2 Rf8+ 0-1

[Event "Vaduz ESNA 4th"]
[Site "Vaduz"]
[Date "2022.09.28"]
[Round "5"]
[White "Kirby, Peter J"]
[Black "Berend, Fred"]
[Result "0-1"]
[WhiteElo "2011"]
[BlackElo "2300"]
[PlyCount "76"]
[EventDate "2022.09.25"]
[EventType "tourn"]
[EventRounds "9"]
[EventCountry "LIE"]
[SourceTitle "CBM 210 Extra"]
[Source "ChessBase"]
[SourceDate "2022.11.30"]
[SourceVersion "1"]
[SourceVersionDate "2022.11.30"]
[SourceQuality "1"]

1. Nf3 d5 2. d4 Nf6 3. c4 e6 4. g3 dxc4 5. Bg2 c5 6. 0-0 Nc6 7. Qa4 Bd7 8. Qxc4 b5 9. Qd3 c4 10. Qd1 Rc8 11. b3 Na5 12. bxc4 Nxc4 13. Nbd2 Nb6 14. Nb3 Bc6 15. Bd2 Nc4 16. Bg5 Be7 17. Nbd2 0-0 18. Nxc4 bxc4 19. Ne5 Bxg2 20. Kxg2 Ba3 21. Bc1 Bb4 22. Rb1 Qd5+ 23. f3 Bd6 24. Bf4 c3 25. Rb3 Rfd8 26. e4 Qa5 27. Qc2 Ba3 28. Be3 Ne8 29. Nd3 Nd6 30. Bc1 Nc4 31. Re1 Bxc1 32. Nxc1 Nd2 33. Rb7 Rxd4 34. Ne2 Rdc4 35. Rd1 g5 36. f4 Qa6 37. Re7 R4c7 38. Rxd2 cxd2 0-1

[Event "Vaduz ESNA 4th"]
[Site "Vaduz"]
[Date "2022.09.25"]
[Round "1"]
[White "Berend, Fred"]
[Black "Mizzi, Jack"]
[Result "0-1"]
[WhiteElo "2300"]
[BlackElo "1863"]
[PlyCount "70"]
[EventDate "2022.09.25"]
[EventType "tourn"]
[EventRounds "9"]
[EventCountry "LIE"]
[SourceTitle "CBM 210 Extra"]
[Source "ChessBase"]
[SourceDate "2022.11.30"]
[SourceVersion "1"]
[SourceVersionDate "2022.11.30"]
[SourceQuality "1"]

1. e4 c6 2. d4 d5 3. exd5 cxd5 4. Bd3 Nc6 5. c3 Qc7 6. h3 Nf6 7. Nf3 g6 8. Na3 Bf5 9. Be2 Bg7 10. Nc2 Bxc2 11. Qxc2 0-0 12. Be3 Rac8 13. 0-0 e6 14. Rfe1 Ne4 15. Qc1 Qb6 16. Bd3 f5 17. Re2 a5 18. Qd1 Qc7 19. g3 e5 20. dxe5 Nxe5 21. Nd4 Qf7 22. Kg2 Nc4 23. Nf3 b5 24. Bd4 b4 25. Bxg7 Qxg7 26. Bxc4 dxc4 27. Qd5+ Kh8 28. Qxa5 bxc3 29. bxc3 Nxc3 30. Re5 Ne4 31. Rc1 c3 32. Qa3 Ra8 33. Ra5 Qb7 34. Kg1 Qb6 35. Rc2 Qxa5 0-1

[Event "Olympiad-44"]
[Site "Chennai"]
[Date "2022.08.07"]
[Round "9.1"]
[White "Cardoso Cardoso, Jose Gabriel"]
[Black "Berend, Fred"]
[Result "1-0"]
[WhiteElo "2493"]
[BlackElo "2307"]
[PlyCount "115"]
[EventDate "2022.07.29"]
[EventType "team-swiss"]
[EventRounds "11"]
[EventCountry "IND"]
[SourceTitle "CBM 210"]
[Source "ChessBase"]
[SourceDate "2022.10.31"]
[SourceVersion "1"]
[SourceVersionDate "2022.10.31"]
[SourceQuality "1"]
[WhiteTeam "Colombia"]
[BlackTeam "Luxembourg"]
[WhiteTeamCountry "COL"]
[BlackTeamCountry "LUX"]

1. e4 e6 2. d4 d5 3. Nc3 Bb4 4. e5 c5 5. a3 Bxc3+ 6. bxc3 Ne7 7. Qg4 Qc7 8. Bd3 c4 9. Be2 Qa5 10. Bd2 Nf5 11. Nh3 Nc6 12. Nf4 Bd7 13. Nh5 0-0-0 14. Qf4 Rhg8 15. g4 Nfe7 16. Qg5 h6 17. Qe3 Qa4 18. Ra2 Kb8 19. h4 Ka8 20. Ng3 Rdf8 21. h5 Qa5 22. a4 f6 23. f4 fxe5 24. dxe5 g5 25. hxg6 Nxg6 26. Nh5 d4 27. cxd4 c3 28. Qxc3 Qd5 29. 0-0 Qxa2 30. Bc4 Nxd4 31. Qxd4 Qa3 32. Be3 b6 33. Nf6 Bc8 34. Nxg8 Rxg8 35. a5 Qxa5 36. Ra1 Qc5 37. Rxa7+ Kb8 38. Qe4 Qxe3+ 39. Qxe3 Kxa7 40. f5 Nxe5 41. Qxe5 Rxg4+ 42. Kf1 Rxc4 43. f6 Ba6 44. Ke1 Rxc2 45. f7 Rc1+ 46. Kd2 Rf1 47. f8Q Rxf8 48. Qg7+ Bb7 49. Qxf8 Bd5 50. Qxh6 Ka6 51. Kc3 Kb5 52. Qf8 Ka5 53. Qe8 Ka6 54. Kb4 Ka7 55. Kb5 Bb7 56. Qe7 e5 57. Qa3+ Kb8 58. Kxb6 1-0

[Event "Francophonie-ch 8th"]
[Site "Casablanca"]
[Date "2022.07.08"]
[Round "9"]
[White "Berend, Fred"]
[Black "Le Roux, Jean Pierre"]
[Result "0-1"]
[WhiteElo "2307"]
[BlackElo "2511"]
[PlyCount "98"]
[EventDate "2022.07.02"]
[EventType "swiss"]
[EventRounds "9"]
[EventCountry "MAR"]
[SourceTitle "EXT 2023"]
[Source "ChessBase"]
[SourceDate "2022.10.05"]
[SourceVersion "1"]
[SourceVersionDate "2022.10.05"]
[SourceQuality "1"]

1. d4 Nf6 2. Nf3 b6 3. g3 Bb7 4. Bg2 g6 5. 0-0 Bg7 6. c4 0-0 7. Re1 e6 8. Nc3 Ne4 9. Qc2 Nxc3 10. Qxc3 d6 11. Bg5 Qe8 12. Qd2 Nd7 13. Rad1 f5 14. Bh6 Nf6 15. Qc1 Qe7 16. b3 Bxh6 17. Qxh6 Rae8 18. Qc1 e5 19. Qa3 e4 20. Nd2 f4 21. Nf1 fxg3 22. hxg3 Ng4 23. Qxa7 Bc6 24. Qa3 Nxf2 25. d5 Nxd1 26. dxc6 Nf2 27. b4 Qe5 28. Rc1 Ng4 29. Qb3 Kg7 30. Qc3 Ra8 31. a3 Ra7 32. Nd2 Rfa8 33. Nb1 Qxc3 34. Rxc3 Nf6 35. Kf2 Re8 36. Ke3 d5 37. Kd4 dxc4 38. Kxc4 Raa8 39. Kb3 Rad8 40. a4 Rd1 41. Na3 Re1 42. Nb5 Nd5 43. Rc4 Rxe2 44. Bh3 Re3+ 45. Kb2 Rxg3 46. Bd7 Rf8 47. Nd4 Rf2+ 48. Nc2 Ne3 49. Rc3 Nd1+ 0-1

[Event "Francophonie-ch 8th"]
[Site "Casablanca"]
[Date "2022.07.06"]
[Round "7"]
[White "Vernay, Clovis"]
[Black "Berend, Fred"]
[Result "1/2-1/2"]
[WhiteElo "2513"]
[BlackElo "2307"]
[PlyCount "109"]
[EventDate "2022.07.02"]
[EventType "swiss"]
[EventRounds "9"]
[EventCountry "MAR"]
[SourceTitle "EXT 2023"]
[Source "ChessBase"]
[SourceDate "2022.10.05"]
[SourceVersion "1"]
[SourceVersionDate "2022.10.05"]
[SourceQuality "1"]

1. d4 Nf6 2. c4 e6 3. Nf3 d5 4. Nc3 c5 5. cxd5 Nxd5 6. e4 Nxc3 7. bxc3 cxd4 8. cxd4 Bb4+ 9. Bd2 Bxd2+ 10. Qxd2 0-0 11. Bc4 Nd7 12. 0-0 b6 13. Rfe1 Bb7 14. h3 Rc8 15. Bd3 h6 16. a4 Qc7 17. a5 Rfd8 18. axb6 axb6 19. Qe3 Ra8 20. Rac1 Qb8 21. Rc3 Rc8 22. Rxc8+ Qxc8 23. Rc1 Qd8 24. Qf4 Rc8 25. Rxc8 Qxc8 26. Qd6 Nf6 27. Qf4 Qa8 28. Qc7 Bxe4 29. Bxe4 Nxe4 30. Ne5 Qe8 31. Qxb6 Nf6 32. Qb7 Nd5 33. g3 f6 34. Nc6 h5 35. h4 Kh7 36. Nb8 Qe7 37. Qc6 Kg8 38. Na6 Kf7 39. Nc5 Nc7 40. Nb7 Ne8 41. Qc8 Nd6 42. Nxd6+ Qxd6 43. Qb7+ Kg8 44. Qe4 Kf7 45. Kf1 Qa6+ 46. Kg2 Qb5 47. Kf3 Qb3+ 48. Kg2 Qb5 49. Kh2 Qb2 50. Qf4 Qb6 51. Kg2 Qc6+ 52. Kg1 Qd5 53. Qc7+ Kg6 54. Qa7 e5 55. dxe5 1/2-1/2